000 00428nam a2200181Ia 4500
001 18519
005 20260306171636.0
008 260306s9999||||xx |||||||||||||| ||und||
041 _aESP
082 _a658.406
_bT21
100 _aTapscott, Don.
_eAUT
245 0 _aCambio de paradigmas empresariales
260 _c1996
300 _a365 páginas :
_c24 cm.
650 _aGEN
654 _aCAN
942 _cLIB
_dJUS
_fJUS
_2ddc
_n
999 _c18519
_d18519